| 000 | 01004nam a2200301 a 4500 | ||
|---|---|---|---|
| 001 | C01088258c-6 | ||
| 003 | CO-ViMGA | ||
| 005 | 20230915232207.0 | ||
| 008 | 070607s2004 sp a jr 0001j spa d | ||
| 020 | _a8426352669 | ||
| 040 |
_aCO-ViMGA _bspa _cCO-ViMGA |
||
| 041 | 1 | _hhun | |
| 043 | _ae-hu--- | ||
| 082 | 0 | 4 |
_aI894.5113 _bJ15e _219 ed. |
| 100 | 1 |
_aJanisch, Heinz. _91897 |
|
| 245 | 1 | 0 |
_aEn casa / _cHeinz Janisch, Helga Bansch ; versión Crisina Rodríguez Aguilar. |
| 260 | 3 |
_aZaragoza : _bEdelvives, _c2004. |
|
| 300 |
_a[26] p. : _bil. ; _c29 cm. |
||
| 534 |
_pTítulo original : _tZu haus. |
||
| 650 | 1 | 4 |
_aAlojamiento animal _v Cuentos infantiles. _91901 |
| 650 | 1 | 4 |
_aCuentos infantiles húngaros. _91898 |
| 650 | 1 | 4 |
_aViviendas _v Cuentos infantiles. _91899 |
| 650 | 1 | 6 |
_aCasas _v Cuentos infantiles. _91900 |
| 650 | 1 | 6 |
_aLibros ilustrados para niños. _987 |
| 700 | 1 | 2 |
_aBansch, Helga, _d1957-. _91902 |
| 700 | 1 | 2 |
_aRodríguez Aguilar, Cristina, _etr. _91903 |
| 942 |
_2ddc _cBK |
||
| 999 |
_c33633 _d33633 |
||